| 000 | 00657nam a2200205Ia 4500 | ||
|---|---|---|---|
| 003 | GCL | ||
| 005 | 20240530110908.0 | ||
| 008 | 140319s199؟ ua g 000 0 ara d | ||
| 040 |
_aGCL / _cGCL |
||
| 082 | 0 | 4 |
_a320.5/ _bم أ |
| 100 | 1 | _aمكيافللى، نيقولو | |
| 245 | 1 | 2 |
_aالامير/ _cنيقولو مكيافللى |
| 260 |
_aالقاهرة : _bالدولية للنشر والتوزيع، _c[199-]. |
||
| 300 |
_a360 ص ؛ _c24 سم. |
||
| 650 | 0 | 7 |
_aالمبادئ السياسية _2qrmak |
| 650 | 0 | 7 |
_aالسياسة _2qrmak |
| 650 | 0 | 7 |
_aالملكية _2qrmak |
| 650 | 0 | 4 |
_2qrmak _aالسياسة _xنظريات |
| 942 |
_2ddc _cBK |
||
| 999 |
_c66247 _d66247 |
||